Die Böhmische Kammer als Thema der Prager Nuntiatur zu Beginn des 17. Jahrhunderts
| Titel: | Die Böhmische Kammer als Thema der Prager Nuntiatur zu Beginn des 17. Jahrhunderts / Tomáš Černušák |
|---|---|
| Verfasser: | |
| In: |
Römische historische Mitteilungen, Band 55 (2013 [2014]), Seite 219-230 alle Artikel anzeigen |
| Veröffentlicht: | 2014 |
| Format: | Aufsatz |
| Sprache: | Deutsch |
X
alg: 47312582 001A $03025:01-12-20 001B $01999:01-12-20 $t22:54:03.000 001D $03025:01-12-20 001U $0utf8 001X $00 002@ $0Aou 002C $aText $btxt $2rdacontent 002D $aohne Hilfsmittel zu benutzen $bn $2rdamedia 002E $aBand $bnc $2rdacarrier 003@ $047312582X 007A $047312582X $aHEB 010@ $ager 010E $erda 011@ $a2013 $n2014 021A $aDie @Böhmische Kammer als Thema der Prager Nuntiatur zu Beginn des 17. Jahrhunderts $hTomáš Černušák 028A $BVerfasser $#Černušák, T. $4aut $713912764X $8Černušák, Tomáš$Z1972- [Tp3] $9215486188 031A $d55 $h219-230 $j2013 [2014] 039B $aEnthalten in $8--Abvc--. Römische historische Mitteilungen . - Wien : Verl. d. Österreichischen Akad. d. Wissenschaften, 1958-. - ISSN 0080-3790 $x201300000550000781 $9047289082 044K $RTschechien $#Böhmische Kronländer $#Länder der Böhmischen Krone $#Sudetenland $#Böhmen $#Mähren $#Mährisch-Schlesien $#Österreichisch-Schlesien $#Tschechische Sozialistische Republik Böhmische Länder $#Tschechei Böhmische Länder $#Země koruny české $74069573-6 $8Böhmische Länder [Tg1] $9085195553 044K $#Caetanus, Antonius $#Caetani, Antonius $7133089916 $8Caetani, Antonio$Z1566-1624 [Tp1] $9188084088 044K $#Prag $#Hlavni Město Praha $#Hauptstadt Prag $#Prag Kraj $#Bezirk Prag $#Praha $#Prague $#Praga $#Praag $74076310-9 $8Prag [Tg1] $9085216283 044K $#Property $#Right of property $#Propriété $#Propiedad $#ownership $#Eigentum $#Eigentum $#Eigentumsrecht $74013793-4 $8Eigentum [Ts1] $9085030554 044K $RVerwaltung $#Finances publiques $#Finanzverwaltung $#Finanzverwaltung $74017212-0 $8Finanzverwaltung [Ts1] $9085040266 045F $a200.9437109031 $eDDC23BSB 045F/01 $a200.9 045F/03 $f09031 045F/03 $g4371 045G $a351.09 $eDDC23BSB 045G/01 $a351.09 045G/03 $f09031 045G/03 $g4371 045R $aGeschichte 1598-1609 045T $a1 $a8 lok: 47312582 78 exp: 47312582 78 1 #EPN 201B/01 $001-12-20 $t15:27:15.000 201C/01 $001-12-20 201U/01 $0utf8 203@/01 $01131576330 204P/01 $010.1553/rhm55s219 208@/01 $a01-12-20 $be 209A/01 $a/ $f000 $x00 209A/01 $ab*p $x01 220C/01 $apgar 244Z/01 $#Böhmische Kronländer $#Länder der Böhmischen Krone $#Sudetenland $#Böhmen $#Mähren $#Mährisch-Schlesien $#Österreichisch-Schlesien $#Tschechische Sozialistische Republik Böhmische Länder $#Tschechei Böhmische Länder $#Země koruny české $74069573-6 $8--Tg1--Böhmische Länder $x01 $9085195553 247C/01 $82080>Marburg/Lahn, Herder-Institut, Forschungsbibliothek, Bibliographieportal $9336309341
| LEADER | 00000caa a2200000 c 4500 | ||
|---|---|---|---|
| 001 | 47312582X | ||
| 003 | DE-603 | ||
| 005 | 20201201225403.0 | ||
| 007 | tu | ||
| 008 | 201201s2013 xx |||| | u00||u|ger c | ||
| 035 | |a (DE-599)HEB47312582X | ||
| 040 | |a DE-603 |b ger |c DE-603 |d DE-603 |e rda | ||
| 041 | |a ger | ||
| 082 | 0 | 4 | |8 1\u |a 200.9437109031 |q DE-101 |2 23/BSB |
| 083 | 0 | |8 2\u |a 351.09 |q DE-101 |2 23/BSB | |
| 084 | |a 1 |a 8 |2 ssgn | ||
| 085 | |8 1\u |b 200.9 | ||
| 085 | |8 1\u |z 1 |s 09031 | ||
| 085 | |8 1\u |z 2 |s 4371 | ||
| 085 | |8 2\u |b 351.09 | ||
| 085 | |8 2\u |z 1 |s 09031 | ||
| 085 | |8 2\u |z 2 |s 4371 | ||
| 100 | 1 | |a Černušák, Tomáš |d 1972- |e Verfasser |4 aut |0 (DE-603)215486188 |0 (DE-588)13912764X |2 gnd | |
| 245 | 0 | 0 | |a Die Böhmische Kammer als Thema der Prager Nuntiatur zu Beginn des 17. Jahrhunderts |c Tomáš Černušák |
| 264 | 0 | |c 2014 | |
| 336 | |a Text |b txt |2 rdacontent | ||
| 337 | |a ohne Hilfsmittel zu benutzen |b n |2 rdamedia | ||
| 338 | |a Band |b nc |2 rdacarrier | ||
| 600 | 1 | 7 | |a Caetani, Antonio |d 1566-1624 |0 (DE-588)133089916 |0 (DE-603)188084088 |2 gnd |
| 648 | 7 | |a Geschichte 1598-1609 |2 gnd | |
| 650 | 7 | |a Eigentum |0 (DE-588)4013793-4 |0 (DE-603)085030554 |2 gnd | |
| 650 | 7 | |a Finanzverwaltung |0 (DE-588)4017212-0 |0 (DE-603)085040266 |2 gnd | |
| 651 | 7 | |a Böhmische Länder |0 (DE-588)4069573-6 |0 (DE-603)085195553 |2 gnd | |
| 651 | 7 | |a Prag |0 (DE-588)4076310-9 |0 (DE-603)085216283 |2 gnd | |
| 773 | 0 | 8 | |i Enthalten in |t Römische historische Mitteilungen |d Wien : Verl. d. Österreichischen Akad. d. Wissenschaften, 1958- |x 0080-3790 |g Band 55 (2013 [2014]), Seite 219-230 |w (DE-603)047289082 |w (DE-600)206126-0 |
| 924 | 0 | |9 2080 |a (DE-603)1131576330 |b DE-2080 |c HES |d d |g / | |


